LEADER 01250cam0-22004091i-450- 001 990006632820403321 005 20050412142957.0 035 $a000663282 035 $aFED01000663282 035 $a(Aleph)000663282FED01 035 $a000663282 100 $a20010426d1984----km-y0itay50------ba 101 0 $aita 102 $aIT 105 $ay-------001yy 200 1 $aCambiamento tecnologico e impresa multinazionale$eil ruolo delle reti telematiche nelle strategie globali$fCristiano Antonelli$gprefazione di Sergio Vaccą 210 $aMilano$cFranco Angeli$d1984 215 $a191 p.$d19 cm 225 1 $aCollana OSPRI$v2 610 0 $aInnovazioni tecnologiche 610 0 $aMultinazionali 610 0 $aServizi dell'informazione 676 $a050.008 700 1$aAntonelli,$bCristiano$f<1951- >$035263 702 1$aVaccą,$bSergio$f<1926- > 801 0$aIT$bUNINA$gRICA$2UNIMARC 901 $aBK 912 $a990006632820403321 952 $aVI I 42$b6154$fFSPBC 952 $aG/14 ANT$b2621$fSES 952 $aG/14 ANT$b6059$fSES 952 $a050.008.ANT$b93-3377$fDECGE 959 $aFSPBC 959 $aSES 959 $aDECGE 996 $aCambiamento tecnologico e impresa multinazionale$9613825 997 $aUNINA LEADER 02502oam 2200493M 450 001 9910715661803321 005 20191121065739.2 035 $a(CKB)5470000002513446 035 $a(OCoLC)1065897039 035 $a(OCoLC)995470000002513446 035 $a(EXLCZ)995470000002513446 100 $a20070221d1839 ua 0 101 0 $aeng 135 $aurcn||||||||| 181 $ctxt$2rdacontent 182 $cc$2rdamedia 183 $acr$2rdacarrier 200 10$aSteam-boilers, &c. Message from the President of the United States, in reply to a resolution of the House of Representatives of the 14th instant, respecting the proceedings under the act of the 28th June last, providing for examinations of inventions designed to prevent the explosion of steam-boilers, &c. January 19, 1839. Read, and referred to the Select Committee appointed on the report of the Secretary of the Treasury on the subject of steamboats, steam-boilers, &c 210 1$a[Washington, D.C.] :$c[publisher not identified],$d1839. 215 $a1 online resource (2 pages) 225 1 $aHouse document / 25th Congress, 3rd session. House ;$vno. 99 225 1 $a[United States congressional serial set ] ;$v[serial no. 346] 300 $aBatch processed record: Metadata reviewed, not verified. Some fields updated by batch processes. 300 $aFDLP item number not assigned. 606 $aInventions 606 $aSteam-boiler explosions 606 $aSteam-engines 606 $aIndustrial safety 608 $aLegislative materials.$2lcgft 615 0$aInventions. 615 0$aSteam-boiler explosions. 615 0$aSteam-engines. 615 0$aIndustrial safety. 701 $aVan Buren$b Martin$f1782-1862.$01386907 712 02$aUnited States.$bPresident (1837-1841 : Van Buren) 712 02$aUnited States.$bDepartment of the Navy. 801 0$bWYU 801 1$bWYU 801 2$bOCLCO 801 2$bOCLCQ 906 $aBOOK 912 $a9910715661803321 996 $aSteam-boilers, &c. Message from the President of the United States, in reply to a resolution of the House of Representatives of the 14th instant, respecting the proceedings under the act of the 28th June last, providing for examinations of inventions designed to prevent the explosion of steam-boilers, &c. January 19, 1839. Read, and referred to the Select Committee appointed on the report of the Secretary of the Treasury on the subject of steamboats, steam-boilers, &c$93466740 997 $aUNINA LEADER 00709nam0-22002651i-450 001 9910776275003321 005 20240130091938.0 100 $a20030910d1967----km-y0itay50------ba 101 0 $aeng 102 $aUS 105 $ay 001yy 200 1 $aAgricultural chemicals$fW.T. Thomson 210 $a[S.l.]$cThomson Publications$d1967- 215 $a4 v.$d26 cm 327 1 $a4.: Fungicides. 610 0 $aFitofarmaci 676 $a632.95$v20$zita 700 1$aThomson,$bWilliam Thomas$072437 801 0$aIT$bUNINA$gRICA$2UNIMARC 901 $aBK 912 $a9910776275003321 952 $aA PAT 1062-4$b612/2024$fFAGBC 959 $aFAGBC 996 $aAgricultural chemicals$9371095 997 $aUNINA